טוען...

Nagareey samajsastra

מידע ביבליוגרפי
מחבר ראשי: Dr.Ganesh Panday
יצא לאור: Radha Pub. 2009
LEADER 00180 a2200085 4500
100 |a Dr.Ganesh Panday 
245 |a Nagareey samajsastra 
260 |c 2009  |b Radha Pub. 
942 |c BB  |6 _ 
999 |c 66676  |d 66676